Releasable or Not? Hearts of Iron 4 - Statistics

General Stats
  • This quiz has been taken 557 times
    452 since last reset
  • The average score is 13 of 15
Answer Stats
Question Answer % Correct
Germany Starting Nation
99%
Chad Releasable
98%
Canada Starting Nation
98%
South Africa Starting Nation
97%
Cuba Starting Nation
97%
Ukraine Releasable
96%
Korea Releasable
96%
Ireland Starting Nation
95%
Slovakia Releasable
93%
Yemen Starting Nation
87%
Jamaica Releasable
86%
Free City of Danzig Releasable
81%
Iceland Starting Nation
71%
Malaysia Starting Nation
68%
Indonesia Starting Nation
61%
No matching quizzes found
Score Distribution
Percent of People with Each Score
Percentile by Number Answered
Your Score History
You have not taken this quiz since the last reset